Graphical user interface development for Android operating system; Перспективы развития фундаментальных наук

Opis bibliograficzny
Parent link:Перспективы развития фундаментальных наук.— 2012.— [С. 779-781]
1. autor: Rusinov I. G.
Kolejni autorzy: Sokolova V. V. Veronika Valerievna (научный руководитель)
Streszczenie:Заглавие с экрана
В статье описываются возможности создания пользовательского интерфейса для мобильных приложений на базе операционной системы Google Android. Рассмотрена архитектура интерфейса мобильного приложения, а так же основные элементы, такие как разметки, текстовые поля, кнопки, элементы списков и т.д.
Język:angielski
Wydane: 2012
Seria:Технология
Hasła przedmiotowe:
Dostęp online:http://www.lib.tpu.ru/fulltext/c/2012/C21/264.pdf
Format: MixedMaterials Elektroniczne Rozdział
KOHA link:https://koha.lib.tpu.ru/cgi-bin/koha/opac-detail.pl?biblionumber=239386

MARC

LEADER 00000naa2a2200000 4500
001 239386
005 20251208093638.0
035 |a (RuTPU)RU\TPU\book\260605 
035 |a RU\TPU\book\260495 
090 |a 239386 
100 |a 20130607d2012 k y0rusy50 ba 
101 0 |a eng 
102 |a RU 
135 |a drcn ---uucaa 
200 1 |a Graphical user interface development for Android operating system  |f I. G. Rusinov, V. V. Sokolova  |g sci. adv. V. V. Sokolova  |d Разработка пользовательского интерфейса для операционной системы Android 
203 |a Text  |c electronic 
215 |a 1 файл(428 Кб) 
225 1 |a Технология 
300 |a Заглавие с экрана 
320 |a [Библиогр.: с. 781 (4 назв.)] 
330 |a В статье описываются возможности создания пользовательского интерфейса для мобильных приложений на базе операционной системы Google Android. Рассмотрена архитектура интерфейса мобильного приложения, а так же основные элементы, такие как разметки, текстовые поля, кнопки, элементы списков и т.д. 
337 |a Adobe Reader 
463 1 |0 (RuTPU)RU\TPU\book\256864  |t Перспективы развития фундаментальных наук  |l Prospects of fundamental sciences development  |o сборник научных трудов IX Международной конференция студентов и молодых ученых, г. Томск, 24-27 апреля 2012 г.  |f Национальный исследовательский Томский политехнический университет (ТПУ) ; ред. коллегия Е. А. Вайтулевич ; Г. А. Лямина ; Г. А. Воронова ; М. П. Никитич ; А. М. Лидер ; Ю. Р. Цой ; М. Е. Семенов  |v [С. 779-781]  |d 2012 
510 1 |a Разработка пользовательского интерфейса для операционной системы Android  |z rus 
610 1 |a электронный ресурс 
610 1 |a труды учёных ТПУ 
610 1 |a разработка 
610 1 |a интерфейсы 
610 1 |a операционные системы 
610 1 |a Android 
700 1 |a Rusinov  |b I. G. 
701 1 |a Sokolova  |b V. V.  |c Specialist in the field of informatics and computer technology  |c Associate Professor of Tomsk Polytechnic University, Candidate of technical science  |f 1977-  |g Veronika Valerievna  |3 (RuTPU)RU\TPU\pers\30974  |9 15211 
702 1 |a Sokolova  |b V. V.  |c specialist in the field of optimization of control systems  |c Associate Professor of Tomsk Polytechnic University, Candidate of technical science  |f 1977-  |g Veronika Valerievna  |4 727 
801 1 |a RU  |b 63413507  |c 20101016 
801 2 |a RU  |b 63413507  |c 20131017  |g RCR 
856 4 |u http://www.lib.tpu.ru/fulltext/c/2012/C21/264.pdf 
942 |c CF